Le origini e il periodo regio la repvbblica fino alla conqvista del primato in Italia

Gespeichert in:
Bibliographische Detailangaben
1. Verfasser: Paribeni, Roberto (autore)
Format: Buch
Sprache:Italienisch
Veröffentlicht: Bolonia Licinio Cappelli 1954
Schriftenreihe:Storia di Roma, 1
Schlagworte:
Tags: Tag hinzufügen
Keine Tags, Fügen Sie den ersten Tag hinzu!

MARC

LEADER 00000nam a2200000 a 4500
001 UCP9409
003 CL-VaPUC
008 000324e19540000IT |||||||||||||||||ita|d
082 0 4 |a 937  |b PAR  |2 21 
100 |a Paribeni, Roberto  |e autore  |9 439967 
245 1 3 |a Le origini e il periodo regio la repvbblica fino alla conqvista del primato in Italia 
300 |a 387 p 
942 |c BK 
945 |d 20000324 00:00:00  |a rherrera 
260 |a Bolonia  |b Licinio Cappelli  |c 1954 
650 0 |a Historia antigua  |9 267521 
650 7 |a ROMA  |2 CL-VaPUC  |9 317375 
650 0 |a Civilización romana  |9 438909 
650 0 |a Prehistoria  |9 316557 
650 7 |a ORIGENES  |2 CL-VaPUC  |9 367418 
650 7 |a FUNDACION  |2 CL-VaPUC  |9 399101 
650 0 |a Monarquía   |9 255259 
650 0 |a República romana  |9 433651 
650 7 |a GUERRA SOCIAL  |2 CL-VaPUC  |9 400541 
650 0 |a Guerras púnicas  |9 318990 
650 7 |a CULTURA ROMANA  |2 CL-VaPUC  |9 344826 
583 |a last modification  |c 20000324 00:00:00  |k Rodrigo Vera 
490 0 |a Storia di Roma, 1 
999 |c 286224  |d 286222 
952 |0 0  |1 0  |4 0  |6 937_000000000000000_PAR_1954  |7 0  |8 A  |9 331727  |a BIBHIS  |b BIBHIS  |d 2019-11-20  |i 1389548  |o 937 PAR 1954  |p 1389548  |r 2025-01-20  |w 2019-11-20  |y BK  |k HIS